| 000 | 00716nam a22001937a 4500 | ||
|---|---|---|---|
| 005 | 20251108164950.0 | ||
| 008 | 250721s1995 xx 000 0 ara d | ||
| 082 | 1 | 4 | _a973.9/نوي |
| 100 | 1 | _aنويشتات، ريتشارد اى | |
| 245 | 1 | 0 |
_aالقوة الرئاسية و الرؤساء المعاصرون : _bسياسات القيادة من روزفلت إلى ريجان / |
| 264 | 1 |
_aعمان : _bدار عمار للنشر و التوزيع، _c1995. |
|
| 300 | _a595ص | ||
| 650 | 1 | 7 | _aالتاريخ الأميركي |
| 650 | 1 | 7 | _aرؤساء الدول |
| 650 | 1 | 7 | _aالولايات المتحدة |
| 700 | 1 |
_aعثمان، عبد القادر _eترجمة |
|
| 942 |
_2ddc _cBK |
||
| 999 |
_c18595 _d18595 |
||